000 00293nam a2200109 a 4500
005 20140414132003.0
008 110126s19uu xx 00 eng d
050 _aTR 372.7
_bM42 2003
245 _aMaths 2 :
_bMaths exercises for preschoolers.
440 _aActive kindergarten
999 _c113115
_d113115